000 02356nam0a2200397 4500
001 RU\NLR\bibl\1340961
005 20260525110542.0
010 _a5-98298-215-6
_9150
021 _aRU
_b2008-102512
035 _a(NLR Aleph) 001326121
035 _a(nilc)RSL-KNO-004169635
090 _a770856
_c770856
100 _a20081222d2008 u y0rusy50 ca
101 0 _arus
102 _aRU
105 _aa |||||||||
200 1 _aЗакономерности распространения силовых импульсов по колонне бурильных труб к породоразрушающему инструменту
_fА. В. Щадрина, Л. А. Саруев
_gФедер. агентство по образованию, Гос. образоват. учреждение высш. проф. образования "Том. политехн. ун-т", Ин-т геологии и нефтегазового дела
210 _aТомск
_cИзд-во Томского политехнического университета
_d2008
215 _a114 с.
_cил.
_d20
320 _aБиблиогр.: с. 105-114 (137 назв.)
606 1 _aБурение разведочное
_xПородоразрушающие инструменты
_92546899
_3RU\NLR\auth\661507386
610 0 _aГорное дело -- Бурение. Буровзрывные работы -- Бурение скважин малого диаметра -- Поисковое, разведочное и картировочное бурение -- Исследование -- Пособие для специалистов
610 0 _aраспространение волн в буровом инструменте
610 0 _aударно-вращательное бурение
610 0 _aсиловые импульсы в буровой колонне
686 _aИ131.125-1,5,07
_2rubbk
686 _aД443.57с5
700 1 _4070
_7ca
_8rus
_aШадрина
_bА. В.
_cд-р техн. наук
_f1980-
_gАнастасия Викторовна
_92710558
_3RU\NLR\AUTH\770294055
701 1 _aСаруев
_bЛ. А.
_gЛев Алексеевич
_4070
801 0 _aRU
_bРКП
_c20081222
_grcr
801 1 _aRU
_bРГБ
_c20081222
801 2 _aRU
_bNLR
_c20090316
_grcr
942 _cBOOK
980 _aNB